| 000 | 00472nam a2200169Ia 4500 | ||
|---|---|---|---|
| 003 | SISC | ||
| 005 | 20190115092724.0 | ||
| 008 | 190115s9999 xx 000 0 und d | ||
| 020 | _a9782090384987 | ||
| 050 |
_aPC 2129.E5 _b.Au919 2014 |
||
| 100 | _aAuge, Helene | ||
| 245 |
_cHelene Auge, M.D. Canada, et.al _aNickel: _bmethode de francais/ |
||
| 260 |
_aUK: _bCLE International _c2014 |
||
| 300 |
_a208 pages : _c280 cm. |
||
| 650 | _aFrench language | ||
| 942 |
_2lcc _cBK |
||
| 999 |
_c360344 _d360344 |
||